[Event "CHN-RUS m"]
[Site "Beijing"]
[Date "2001.09.05"]
[Round "1"]
[White "Ye, Jiangchuan"]
[Black "Khalifman, Alexander"]
[Result "1-0"]
[WhiteElo "2677"]
[BlackElo "2700"]
[Annotator "Golod,V"]
[PlyCount "57"]
[EventDate "2001.09.05"]
[EventType "team (rapid)"]
[EventRounds "2"]
[EventCountry "CHN"]
[SourceTitle "CBM 085"]
[Source "ChessBase"]
[SourceDate "2001.11.13"]
[SourceVersion "1"]
[SourceVersionDate "2001.11.13"]
[SourceQuality "1"]

1. e4 c5 2. Nf3 e6 3. d4 cxd4 4. Nxd4 Nf6 5. Nc3 Nc6 6. Nxc6 bxc6 7. e5 Nd5 8.
Ne4 Bb7 9. Bd3 (9. c4 $5 {In my opinion, this very interesting reaction on the
previous move of black. You can see comments to Macieja,B-Czebe,A/Ohrid,2001/
CBM 84(1-0)(Golod,V)(35)}) (9. Be2 {See comments to Jakovenko,D-Filippov,V/
Elista,2001/CBM 83(1-0)(Golod,V)(29)}) 9... Nb4 {Probably,black a little have
hurried with this move.Keeps in a consequence additional opportunities:} (9...
c5 $5 {/\Qc7(קe5) or Nb4.}) 10. O-O c5 {[%csl Yd3,Re4][%cal Gc5c4,Yd3e4,Gc4d3]
} ({Is a possible continuation of the play:} 10... Qc7 11. Bf4 (11. f4 $6 c5
$132 {[%csl Rg1][%cal Gc5c4]} (11... d5 $143 12. exd6 Bxd6 13. Be3 {+/=/=} (13.
Nxd6+ $6 Qxd6 $11))) 11... c5 12. Re1 Nxd3 13. Qxd3 {-see comments to this
position in annotations to 13.Qg3 in this game.}) 11. Re1 {[%csl Ye1][%cal
Ye1e4]} Nxd3 12. Qxd3 Qc7 {[%csl Re5]} 13. Qg3 $5 $146 {[%csl Gg3,Rg7] ׻} ({
Was checked in the previous game:} 13. Bf4 f5 $140 $6 (13... Rb8 $5) 14. exf6
$1 Qxf4 15. fxg7 Bxg7 16. Nd6+ Ke7 17. Nxb7 Qc7 $2 (17... Bxb2 $5 18. Rad1 (18.
Nxc5 $2 Bd4 {[%csl Ra1,Rc5,Rf2]}) 18... Bd4 19. Re2 $36 {[%cal Gc2c3]}) 18. Qd5
Rab8 19. Nxc5 Qd6 20. Qg5+ Bf6 21. Qxf6+ Kxf6 22. Ne4+ Ke7 23. Nxd6 Kxd6 24.
Rad1+ Ke7 25. b3 $18 {Kovalev,A-Yagupov,I/Alushta,1999(1-0)(39)}) 13... Bxe4 {
It was necessary to destroy this knight!} 14. Rxe4 f5 15. Re2 $5 $14 ({Also
can be recommended:} 15. Rc4 $5 {[%csl Rc5] (/\Be3,b4;קc5)} d5 16. exd6 Bxd6
17. Bf4 $14) 15... Kf7 {[%csl Yf7][%cal Yf7g7]} ({Dubiously:} 15... c4 {
because of:} 16. b3 $14) 16. Bf4 $6 ({From my point of view,very strongly:} 16.
c4 $1 {[%cal Gc1d2,Gd2c3] ()} Be7 $140 (16... Rb8 $5 17. Bf4 $14 {[%cal Ga1d1,
Ge2d2]}) 17. Bg5 $36 {[%csl Rd7]}) 16... Be7 {[%cal Gg7g5]} 17. h4 {[%csl Yh4]
[%cal Yh4g5]} ({It deserves attention:} 17. Rd1 $5 {[%csl Rd7][%cal Ge2d2]} g5
$140 18. Bc1 (18. Bxg5 $2 Rhg8 $17 {[%csl Rg5]} (18... Rag8 $5 $17)) 18... Rad8
$14) 17... c4 {Black considerably have improved the position.} 18. Rd1 Rab8 19.
b3 Rhd8 20. Red2 $5 {Black's idea is:Bg5(<->d;קd7)} cxb3 21. axb3 (21. cxb3
$142 Rb6 {[%cal Gb6c6]} 22. Bg5 $14) 21... Rb4 22. c4 ({A little worse is:} 22.
Bg5 {because of:} Rg4 (22... Bxg5 $6 23. Qxg5 $36 {[%csl Rc7,Gd1,Gd2,Rf7][%cal
Gg5d8]}) 23. Bxe7 Kxe7 (23... Rxg3 $4 24. Bxd8 Qxd8 25. Rxd7+ Qxd7 26. Rxd7+
Ke8 27. Rxa7 $18) 24. Qe3 Kf8 {[%csl Rh4][%cal Gg4e4]} 25. Rd4 Rxd4 (25... Qxc2
$6 26. Rc1 Qb2 27. Rxg4 fxg4 28. Rc7 $36) 26. Qxd4 Qxc2 27. Ra1 Qxb3 28. Rxa7
$44) 22... a5 $11 {[%csl Yb3,Rc4][%cal Ga5a4]} 23. Bg5 Bxg5 24. Qxg5 Rxb3 25.
Qh5+ $6 {Probably,Ye Jiangchuan thought,that he keeps a advantage and he is
obliged to play actively.} ({Leads to equal R endgame:} 25. Qxd8 Qxd8 26. Rxd7+
Qxd7 (26... Qe7 $5 27. Rxe7+ Kxe7 28. Ra1 Rc3 $11) 27. Rxd7+ Kg6 $11) 25... Kf8
$8 ({Loses right away:} 25... Kg8 $4 26. Rxd7 {[%csl Rg8]} Rxd7 $140 (26...
Qxd7 27. Rxd7 Rxd7 28. Qe8#) 27. Qe8#) 26. Qxh7 Qxe5 27. Qh5 Rb2 ({A little
bit better is:} 27... d6 $5 28. c5 d5 (28... Qxc5 $2 29. Qh8+ {[%csl Rd8,Rg7,
Gh8]}) 29. Re2 Qf6 30. Rde1 Re8 31. Qxe8+ Kxe8 32. Rxe6+ Kf7 33. Rxf6+ Kxf6 {
with some odds for win.}) 28. Rd3 ({After:} 28. Rxd7 Rxd7 29. Rxd7 Rb1+ 30. Rd1
Rxd1+ 31. Qxd1 Ke7 {black has a big positional advantage in the Qendgame.})
28... Qe2 $4 {[%mdl 8192] Inexplicable tactical blunder.} ({Again good enough:
} 28... d6 29. Re3 Qf6 30. c5 (30. Rde1 $5) 30... d5 31. Rde1 Re8 32. Qxe8+
Kxe8 33. Rxe6+ Kf7 34. Rxf6+ Kxf6 {with some odds for win.}) 29. Qh8+ $18 (29.
Qh8+ {and mate in 6 moves:} Ke7 (29... Kf7 30. Rxd7+ Rxd7 31. Rxd7+ Kg6 32.
Qxg7+ Kh5 33. Qg5#) 30. Rxd7+ Rxd7 31. Qxg7+ Ke8 32. Qxd7+ Kf8 33. Qd8+ Kg7 34.
Rd7+ Kh6 35. Qg5#) 1-0

[Event "CHN-RUS Summit Men 1st"]
[Site "Shanghai"]
[Date "2001.09.09"]
[Round "3"]
[White "Zhang, Zhong"]
[Black "Khalifman, Alexander"]
[Result "1/2-1/2"]
[WhiteElo "2667"]
[BlackElo "2700"]
[Annotator "Gershon,A"]
[PlyCount "93"]
[EventDate "2001.09.07"]
[EventType "schev"]
[EventRounds "6"]
[EventCountry "CHN"]
[SourceTitle "CBM 085"]
[Source "ChessBase"]
[SourceDate "2001.11.13"]
[SourceVersion "1"]
[SourceVersionDate "2001.11.13"]
[SourceQuality "1"]

1. e4 c5 2. Nf3 Nc6 3. Bb5 e6 4. O-O Nge7 5. c3 a6 6. Ba4 c4 7. Bc2 {another
possibility is:} (7. d4 cxd3 8. Qxd3 b5 (8... Ng6 9. Bxc6 bxc6 10. c4 Be7 11.
Nc3 Qc7 12. Be3 c5 13. Rad1 O-O 14. Rd2 f6 15. Rfd1 Rf7 16. Qc2 Bf8 $11 {
1/2-1/2 Short,N-Shabalov,A/Elista 1998/CBM 66 ext (42)}) 9. Bc2 Ng6 10. a4 b4
11. c4 Qc7 12. b3 f6 13. Be3 Bd6 14. Rd1 Be7 15. Nd4 Nge5 16. Qe2 Nxd4 17. Bxd4
Nc6 18. Be3 $14 {1-0 Soderberg,P-Krnic,Z/Amsterdam 2000/CBM 77 ext (37)}) 7...
Ng6 8. Qe2 (8. d4 cxd3 9. Bxd3 Qc7 10. Be3 Nce5 11. Nxe5 Nxe5 12. Be2 Bc5 13.
Bxc5 Qxc5 14. Nd2 f6 15. Nb3 Qc7 16. Qd4 O-O 17. Rfd1 b6 18. a4 Nf7 19. a5 $14
{1-0 Brodsky,M-Krnic,Z/Wijk aan Zee NED 2001/The Week in Chess 325 (39)}) 8...
b5 9. b3 Bc5 $5 10. e5 (10. bxc4 Nf4 11. Qd1 bxc4 12. Ba3 Qe7 13. Bxc5 Qxc5 $15
) 10... d5 11. d4 (11. exd6 cxb3 12. axb3 Bxd6 $11) 11... cxd3 12. Bxd3 O-O (
12... d4 $5 13. Be4 Bb7 14. b4 (14. Rd1 {[%csl Rd4]} Qc7 15. Bxc6+ Qxc6 16.
cxd4 Bxd4 17. Rxd4 Qxc1+ 18. Rd1 Bxf3 19. Qxf3 {[%csl Ra8][%cal Gf3a8]} Rc8 $17
{[%csl Re5]}) 14... Bb6 15. a4 d3 16. Bxd3 Ngxe5 17. Nxe5 Nxe5 18. Qxe5 Qxd3
19. axb5 ({of course not:} 19. Qxg7 $2 O-O-O $19 {[%cal Gh8g8] blacks attack
is way too strong}) 19... O-O $44) 13. Bxg6 (13. Rd1 Qc7 14. Bxg6 fxg6 $11)
13... fxg6 14. Ba3 b4 {White tries to swap the dark squared B thus leaving
black with the bad B on 'c8' and a bunch of weaknesses. However, black decides
to keep his pair of B's as in this case it will be easier for him to create
counterplay} 15. cxb4 Nxb4 16. Bxb4 (16. Rc1 Qb6) 16... Bxb4 17. a3 Be7 18. Qe3
$1 {[%cal Ge3a7] Taking the 'b6' square away from black} (18. Nbd2 Qb6 {
[%cal Gd5d4,Gc8b7]}) 18... Bd7 19. Nbd2 a5 20. Rfc1 Qb8 {[%cal Gf8c8] Black
wants to exchange the R's on the 'c' file , thus weakenning white's K and Q
side} (20... Rc8 $2 21. Qa7) 21. Nd4 Rc8 (21... Qb6 $5 $11 {[%cal Ge7c5,Gf8c8]}
) 22. Rxc8+ Qxc8 23. N2f3 Qa6 24. a4 Rc8 25. h4 {Black will have the upper
hand on the Q side, therefore white is trying to create weaknesses around
black's K.} h6 26. Rd1 Rc5 $1 {[%cal Ga6c8,Gc8f8] Preparing the path for the Q
to came back to protecting the K} 27. Kh2 Qc8 28. Qf4 Qf8 (28... Rc3 29. Qg4
Qe8 $11 {[%cal Ge8f7]}) 29. Qg3 Qf7 30. Rd3 {[%cal Gf3g1,Gg1e2,Ge2f4,Yd3f3]
White is prparing to take manouever the N to f4 attacking the weaknesses in
black camp. However, black is very solid, and by moving the N away from f3
white will allow the g6-g5 advance, compromising his own K.} Rc8 31. Ng1 g5 32.
hxg5 Bxg5 33. Nh3 Qh5 34. f4 Bd8 35. Rc3 $1 {Just in time before it's too late,
white must take over the 'c' file. But now, the only one who fight for
advantage is black} Rxc3 36. Qxc3 Bb6 37. Qd3 $2 {White must use his extra
pawn on the Q side!} (37. b4 $1 Qd1 38. Nb3 (38. Nc2 $2 axb4 39. Qxb4 Qxc2 40.
Qxb6 Qxa4 $19) 38... axb4 39. Qxb4 Be3 40. Qe7) 37... Qe8 38. Ng1 Qh5+ 39. Nh3
Qe8 40. Ng1 Qf7 {[%csl Rf4]} 41. Nge2 Qh5+ 42. Kg1 g5 $6 {missing white's reply
} (42... Qg4 $142) {[%tqu "En","Black wants to undermine the center and blow
up the whole position. Can white survive?","","","f4f5","Correct! You found
the only way to continue!",10,"g2g3","",0]} 43. f5 $1 ({of course not:} 43. g3
gxf4 44. gxf4 Qg4+ $17) 43... exf5 44. Qa6 $1 {the point! White exploits the
weakenning of black's K,} Bxd4+ (44... Qg6 45. Kf1 {[%cal Ge5e6]} Be8 (45...
Kh7 46. Qb7 $18) 46. Qb7 {[%csl Rd5][%cal Gb7d5]} f4 (46... Bf7 $2 47. e6 $18)
47. Qxd5+ Bf7 48. e6 $36) 45. Nxd4 Qd1+ 46. Kh2 Qh5+ (46... Qxd4 47. Qg6+ Kf8
48. Qxh6+ Ke7 49. Qf6+ Ke8 50. Qh8+ $11) 47. Kg1 1/2-1/2

[Event "CHN-RUS Summit Men 1st"]
[Site "Shanghai"]
[Date "2001.09.11"]
[Round "5"]
[White "Zhang, Pengxiang"]
[Black "Khalifman, Alexander"]
[Result "0-1"]
[WhiteElo "2487"]
[BlackElo "2700"]
[Annotator "Ftacnik,L"]
[PlyCount "80"]
[EventDate "2001.09.07"]
[EventType "schev"]
[EventRounds "6"]
[EventCountry "CHN"]
[SourceTitle "CBM 085"]
[Source "ChessBase"]
[SourceDate "2001.11.13"]
[SourceVersion "1"]
[SourceVersionDate "2001.11.13"]
[SourceQuality "1"]

1. e4 c6 2. d4 d5 3. e5 Bf5 4. Nc3 e6 5. g4 Bg6 6. Nge2 c5 7. h4 h5 8. Nf4 Nc6
9. Nxg6 fxg6 10. Ne2 Qb6 11. Nf4 cxd4 12. Bd3 Nxe5 13. Nxg6 Nxg6 14. Bxg6+ Kd7
15. gxh5 Bb4+ $1 {[%mdl 8] It is rather surprising that nobody thought about
trying this natural developing move connected with check.} (15... Ne7 16. Bf7 (
16. Bd3 Nc6 17. Rg1 Qd8 18. Bg5 Be7 19. Qe2 Bxg5 20. hxg5 Qc7 21. O-O-O {
1-0 Leitao,R-Khenkin,I/New York/2000/ (36)}) 16... Nf5 17. O-O Bb4 18. Bg5 Raf8
19. Bg6 Be7 20. Qg4 Bxg5 21. hxg5 Qd6 22. Rae1 Ne7 {1/2-1/2 Shirov,A-Khenkin,I/
Germany/2000/ (41)}) 16. c3 $6 (16. Kf1 Rf8 $17) 16... dxc3 17. Qa4+ Ke7 (17...
Kd6 $5 18. bxc3 Bxc3+ 19. Ke2 Qc6 $17) 18. bxc3 Bxc3+ 19. Ke2 Qc6 $1 (19...
Bxa1 $2 20. Ba3+ Kd8 (20... Kf6 $2 21. Qf4#) 21. Qe8+ Kc7 22. Rc1+ $18) 20.
Qxc6 (20. Ba3+ Kd7 21. Qxc6+ bxc6 22. Rab1 Kc7 $17) 20... bxc6 21. Rb1 Kd6 $1 {
Despite an array of white pieces the centralized location of the black king
among the pawns is quite safe.} 22. Ba3+ (22. Rb7 Bf6 (22... Ne7 $2 23. Ba3+ c5
24. Bxc5+ Kxc5 25. Rxe7 $15) 23. Be3 c5 24. Rc1 d4 25. Bf4+ e5 26. Bg5 Ne7 $19)
22... c5 23. Rhc1 (23. Rb7 Bf6) 23... Bd4 24. Rb7 Ne7 25. Rxc5 (25. Rd1 Nxg6
26. Rxd4 Rxh5 27. Ra4 Kc6 $5 (27... Rxh4 28. Ra6+ Ke5 29. Bxc5 Nf4+ 30. Kd2 g5
$17) 28. Rxg7 Rxh4 $19) 25... Bxc5 26. Bxc5+ Kxc5 27. Rxe7 Rhg8 $1 {The
technical phase will be handled by Khalifman very convincingly, white chances
for the survival should not be underestimated.} 28. Rxe6 (28. Bh7 Kd6 29. Rf7
Rgb8 30. Rxg7 Rb2+ 31. Ke3 Rxa2 $19) 28... Rab8 29. Ra6 Rb7 30. f4 (30. Kd3 Rd8
31. f4 Rd6) 30... Rd8 $1 31. f5 Rd6 32. Rxd6 (32. Ra3 d4 $19) 32... Kxd6 33. f6
(33. h6 gxh6 34. f6 Ke6 35. f7 Rxf7 36. Bxf7+ Kxf7 $19) (33. Ke3 Ke5 $19) 33...
gxf6 34. h6 Ke5 35. h7 Rb8 36. Bf7 Rh8 37. Bg8 f5 38. Ke3 d4+ 39. Kd3 (39. Kf3
f4 40. h5 d3 41. h6 a6 42. a3 a5 43. a4 Kd4 44. Kxf4 Kc3 45. Bd5 Rxh7 46. Kg5
d2 47. Bf3 Kc2 $19) 39... f4 40. h5 f3 (40... f3 41. h6 Kf4 42. Kxd4 f2 43. Bc4
Rxh7 $19) 0-1

[Event "FIDE-Wch k.o."]
[Site "Moscow"]
[Date "2001.11.27"]
[Round "1.3"]
[White "Khalifman, Alexander"]
[Black "Ganguly, Surya Shekhar"]
[Result "1-0"]
[WhiteElo "2702"]
[BlackElo "2493"]
[Annotator "Huzman,A"]
[PlyCount "137"]
[EventDate "2001.11.27"]
[EventType "k.o."]
[EventRounds "7"]
[EventCountry "RUS"]
[SourceTitle "CBM 086"]
[Source "ChessBase"]
[SourceDate "2002.02.05"]
[SourceVersion "1"]
[SourceVersionDate "2002.02.05"]
[SourceQuality "1"]

1. d4 d5 2. Nf3 Nf6 3. c4 dxc4 4. Nc3 a6 5. e4 b5 6. e5 Nfd7 (6... Nd5 7. a4 e6
8. axb5 Nb6 9. Be3 axb5 10. Rxa8 Nxa8 11. Nxb5 Nb6 12. Nd2 Ba6 13. Nc3 Nc6 {
1/2-1/2 Khalifman,A-Ganguly,S/Moscow 2001/CBM 86_03 (13)}) 7. a4 Nb6 8. axb5
Bb7 9. Be2 e6 10. bxa6 Rxa6 11. Rxa6 Nxa6 12. O-O Be7 13. Be3 O-O 14. Nd2 Qd7 (
14... c5 15. Nxc4 Nxc4 16. Bxc4 cxd4 17. Qxd4 Qxd4 18. Bxd4 Nb4 19. Bb6 Rc8 20.
Be2 Bc5 21. Bxc5 Rxc5 22. f4 $16 {0-1 Van Wely,L-Miles,A/London 1995/CBM 49
ext (55)}) 15. Re1 $1 $14 {White prepares square f1 for the B neutralizing
idea Qc6 from the game Sulava-Estrada Nieto.} (15. Nxc4 Nxc4 16. Bxc4 Qc6 17.
Qf3 Qxc4 18. Qxb7 Rb8 19. Qf3 Rxb2 20. Ne4 Qd3 21. h3 h6 $11 {1/2-1/2 Sulava,
N-Estrada Nieto,J/Cannes 1996/CBM 51 ext (28)}) 15... Nb4 16. Nxc4 Nxc4 17.
Bxc4 Qc6 (17... Bxg2 $142 18. Qg4 $1 (18. Bxe6 fxe6 19. Kxg2 Nd5 $14) 18... Bb7
19. Bh6 (19. d5 $6 f5 $1 20. exf6 Rxf6 21. dxe6 Qc6 $40) 19... g6 20. Bb5 Qd8
21. Bxf8 Bxf8 $44 {/+/- Black has good practical chanses.}) 18. Bf1 $16 Rd8 19.
Qb3 Ba6 20. Bxa6 Qxa6 21. Rd1 h6 22. h3 Qa8 (22... c6 $142) 23. Qc4 Qb7 24. Rc1
Rb8 25. Qe2 Kf8 26. Rd1 Nd5 {Probably better was just to wait.I think that
exchange of the Knights is in White's favour.} 27. Nxd5 Qxd5 28. Rc1 Rb7 29.
Rc3 Bb4 30. Rc2 Be7 31. Qa6 Kg8 32. Kh2 Kh7 33. Qa4 Bb4 34. Qc6 Qxc6 35. Rxc6
Ba5 36. Rc5 Bb6 37. Rc3 Rb8 38. Kg3 {White improves position of K.} Rd8 39. Rc4
Rd5 40. Kf3 Kg6 41. Ke4 f6 42. f4 f5+ 43. Kd3 Rb5 44. b4 Kf7 45. g4 g6 46. Bd2
Rd5 47. Bc3 Rd8 48. Bb2 Ra8 49. Rc3 Rd8 50. Rc1 Ra8 51. Kc4 Rd8 52. Ra1 Ke7 53.
Bc3 {On the next step of the winning plan White prepares exchange of the
Bishops.} Kf7 54. Rd1 Rd5 55. b5 Kg7 56. Bb4 Kf7 57. Rd3 {[%cal Gb4c5]} fxg4 {
Black are trying to create some counterplay but this only helps White to win.}
58. hxg4 h5 59. gxh5 gxh5 60. f5 $1 $18 h4 61. Bc3 Rd8 62. Rh3 exf5 63. Rxh4
Rg8 64. Rh5 Kg6 65. Rh1 f4 66. Rg1+ Kf7 67. Rxg8 Kxg8 68. Kd3 Kf7 69. Ke4 1-0

[Event "FIDE-Wch k.o."]
[Site "Moscow"]
[Date "2001.11.29"]
[Round "2.1"]
[White "Khalifman, Alexander"]
[Black "Shabalov, Alexander"]
[Result "1/2-1/2"]
[WhiteElo "2702"]
[BlackElo "2585"]
[Annotator "Shabalov,A"]
[PlyCount "31"]
[EventDate "2001.11.27"]
[EventType "k.o."]
[EventRounds "7"]
[EventCountry "RUS"]
[SourceTitle "EXT 2003"]
[Source "ChessBase"]
[SourceDate "2002.11.25"]
[SourceVersion "1"]
[SourceVersionDate "2002.11.25"]
[SourceQuality "1"]

1. d4 Nf6 2. c4 e6 3. Nf3 d5 4. Nc3 Be7 5. Bg5 O-O 6. e3 h6 7. Bh4 b6 8. Be2
Bb7 9. Bxf6 Bxf6 10. cxd5 exd5 11. O-O {Later on Khalifman joined the new
"crusade" against QGD in Onischuk variation.} (11. b4 c6 12. O-O a5 13. b5 c5
14. Ne5 Bxe5 15. dxe5 d4 16. exd4 cxd4 17. Na4 Ra7 18. f4 Qd5 19. Rf2 Nd7 20.
Rc1 Rc8 21. Rxc8+ Bxc8 22. Qc2 Bb7 23. Bc4 Qe4 24. Qxe4 Bxe4 25. Rd2 Nc5 26.
Nxb6 d3 27. Nc8 Rc7 28. Nd6 Ba8 29. b6 Rc6 30. Bd5 Rxd6 31. exd6 Bxd5 32. Rxd3
Be6 33. d7 {1-0 Khalifman,A-Beliavsky,A/Moscow RUS 2002/(33).}) 11... Qe7 {
No doubt that the idea of playing this variation came to Khalifman in part
because of the following game} (11... Re8 12. b4 c6 13. Qb3 a5 14. b5 c5 15.
Rfd1 c4 16. Qc2 Nd7 17. Qf5 g6 18. Qh3 Bg7 19. g3 {1/2-1/2 Azmaiparashvili,
Z-Khalifman,A/Panormo GRE 2001(19).}) 12. Qb3 Rd8 {This set up was popularized
by Vaganian and Beliavsky.} 13. Rfd1 (13. Rad1 c6 14. Rd2 Nd7 15. Rc1 Rab8 16.
Qa4 a5 17. Qd1 g6 18. Na4 Bg7 19. Rdc2 Qe6 20. Ne1 f5 21. Nd3 g5 $13 {1/2-1/2
Piket,J-Beliavsky,A/Dortmund 1995/(55)}) 13... c6 14. Bd3 $146 {Leaving no
doubts in white's intention. Other ways were tried in this position without
mush success:} (14. a4 Na6 15. a5 Qb4 16. Qc2 Qe7 17. Na4 b5 18. Nc3 Bc8 19.
Na2 Bd7 20. Rab1 Rac8 21. b4 Nc7 22. Nc3 g6 $13 {1/2-1/2 Nikolic,P-Beliavsky,A/
Reykjavik 1991(70)}) (14. Bf1 Na6 15. Rd2 Nc7 16. a4 Ne6 17. a5 b5 18. Qa2 a6
19. Rc1 c5 20. dxc5 d4 21. Nxd4 Bxd4 22. exd4 Nxd4 23. Kh1 Nf3 24. Rxd8+ Rxd8
25. c6 Bxc6 26. Ne2 Qh4 27. gxf3 Qxf2 28. Nf4 Bxf3+ 29. Bg2 Rd2 30. Rg1 Be4 {
0-1 Illescas Cordoba,M-Short,N/Pamplona 1999(30)}) 14... c5 $1 {Now this move
is possible.} 15. dxc5 bxc5 16. Bc4 (16. Bc4 Bxc3 17. bxc3 Nc6 18. Bxd5 Na5 19.
Qa4 Bxd5 20. Qxa5 Bxf3 21. gxf3 Rdc8 $11) 1/2-1/2

[Event "Keres Memorial"]
[Site "Tallinn"]
[Date "2002.01.05"]
[Round "1"]
[White "Khalifman, Alexander"]
[Black "Rytshagov, Mikhail"]
[Result "1/2-1/2"]
[WhiteElo "2688"]
[BlackElo "2513"]
[Annotator "Huebner,R"]
[PlyCount "43"]
[EventDate "2002.01.05"]
[EventType "tourn (rapid)"]
[EventRounds "7"]
[EventCountry "EST"]
[EventCategory "14"]
[SourceTitle "CBM 087"]
[Source "ChessBase"]
[SourceDate "2002.03.21"]
[SourceVersion "1"]
[SourceVersionDate "2002.03.21"]
[SourceQuality "1"]

1. d4 d5 2. c4 c6 3. Nf3 Nf6 4. Nc3 dxc4 5. a4 Bf5 6. e3 e6 7. Bxc4 Bb4 8. O-O
O-O 9. Nh4 Nbd7 10. h3 Qa5 11. Qb3 Nb6 12. Be2 Rad8 13. Rd1 Ne4 14. Nxf5 exf5
15. Na2 $2 (15. Bd2 $11) 15... Bd6 $2 (15... Be1 {hätte dem Weißen eine
unangenehme Überraschung bereitet:} 16. f3 Nf2 17. Bd2 Bxd2 18. Kxf2 Rfe8 {
, und Schwarz gewinnt!}) 16. f3 $6 (16. Nc3 $11) 16... Ng3 17. Bd3 Qxa4 18.
Qxa4 Nxa4 19. Nc3 Nxc3 20. bxc3 Bb8 21. Bd2 Rfe8 $15 22. Kf2 1/2-1/2